000 00781nam a22003017a 4500
001 0026383
003 KOHA_MİRAKIL
005 20260207002527.0
007 ta
008 101213b2000 tu |||gr||||#||||0|tur |
020 _a9757351792
040 _aTR-BiSEU
_btur
_cTR-BiSEU
_erda
041 0 _atur
044 _ctu
050 _aHD37
_b.O98 2005
100 1 _aÖztekin, Ali.
245 1 _aYönetim bilimi/
_cAli Öztekin ; Ali Öztekin.
264 1 _aAnkara :
_bsiyasal
_c2000
300 _a420 sayfa; 21 cm.
336 _ametin
_btxt
_2rdacontent
337 _aaracısız
_bn
_2rdamedia
338 _acilt
_bnc
_2rdacarrier
500 _aDizin var.
500 _aKaynakça var.
650 0 _aYönetim.
_93705
650 0 _aManagement.
_94546
942 _2lcc
_cBK
999 _c26327
_d26327